Statistics for Countries In Calling Zone 6

Click here to take the quiz!

General Stats

  • This quiz has been taken 8 times
  • The average score is 20 of 21

Answer Stats

CountryCode% Correct
Australia(+61)
100%
Brunei(+673)
100%
Fiji(+679)
100%
Indonesia(+62)
100%
Malaysia(+60)
100%
Marshall Islands(+692)
100%
Micronesia(+691)
100%
Nauru(+674)
100%
Samoa(+685)
100%
Singapore(+65)
100%
Tuvalu(+688)
100%
East Timor(+670)
88%
Kiribati(+686)
88%
New Zealand(+64)
88%
Palau(+680)
88%
Papua New Guinea(+675)
88%
Solomon Islands(+677)
88%
Thailand(+66)
88%
Tonga(+676)
88%
Vanuatu(+678)
88%
Philippines(+63)
75%

Score Distribution

Percentile by Number Answered

Percent of People with Each Score

Your Score History

You have not taken this quiz